ՀՀ Գիտությունների ազգային ակադեմիայի հիմնարար գիտական գրադարան  =   Fundamental Scientific Library of NAS RA

История современной литературы в Испании / (Record no. 535597)

MARC details
000 -LEADER
fixed length control field 00819nam a2200205 a 4500
001 - CONTROL NUMBER
control field 001145866
003 - CONTROL NUMBER IDENTIFIER
control field AM-YEHGA
005 - DATE AND TIME OF LATEST TRANSACTION
control field 20251015101217.0
008 - FIXED-LENGTH DATA ELEMENTS--GENERAL INFORMATION
fixed length control field 160502s1892 ru |||||||||||||||0|rus|d
040 ## - CATALOGING SOURCE
Original cataloging agency AM-YEHGA
041 1# - LANGUAGE CODE
Language code of text/sound track or separate title rus
Language code of original fre
100 1# - MAIN ENTRY--PERSONAL NAME
Personal name Гюббар, Гюстав
245 10 - TITLE STATEMENT
Title История современной литературы в Испании /
Statement of responsibility, etc. Гюстав Гюббар; Пер. Ю.В. Доппельмайер.
260 ## - PUBLICATION, DISTRIBUTION, ETC.
Place of publication, distribution, etc. Москва :
Name of publisher, distributor, etc. Типо-лит. В. Рихтер,
Date of publication, distribution, etc. 1892.
300 ## - PHYSICAL DESCRIPTION
Extent IV, 362, V с. ;
Dimensions 22 см.
500 ## - GENERAL NOTE
General note Алфавит. указатель (с. I-V)
650 14 - SUBJECT ADDED ENTRY--TOPICAL TERM
Topical term or geographic name entry element Литературоведение
General subdivision История испанской литературы
Chronological subdivision 19 в.
700 1# - ADDED ENTRY--PERSONAL NAME
Personal name Доппельмайер, Ю.В.
Relator term пер.
Relationship trl
942 ## - ADDED ENTRY ELEMENTS (KOHA)
Source of classification or shelving scheme Universal Decimal Classification
Koha item type Գրքեր / Books
Holdings
Withdrawn status Lost status Damaged status Not for loan Collection Home library Current library Date acquired Total checkouts Full call number Barcode Date last seen Price effective from Koha item type Public note
        Kusikian Individual Collection Fundamental Scientific Library Fundamental Scientific Library 11/07/2025   Кус/2916 FL0692918 11/07/2025 11/07/2025 Գրքեր / Books ILL Non-Circ.


ՀՀ ԳԱԱ հիմնարար գիտական գրադարան
ՀՀ,Երևան 0019
Մարշալ Բաղրամյան 24/6
հեռախոս:(374-10) 52-47-50
Հետադարձ կապ

All site content, except where otherwise noted, is licensed under a
Creative Commons License